01182nam a22002531 450000100060000000300080000600500170001400800390003103500190007004000320008904100080012108200200012924500750014926000510022430000350027550003040031050400390061465000400065365000340069370000230072771000630075071000730081373000420088630162BD-RjUL20211209051525.0140409s1968 ilua b 101 0 eng a(BD-RjUL)30247 aDLCcDLCdDLCdBD-RjULbeng aeng00a597.5bCEN 196804aThe Central nervous system and fish behavior /cEdited by David Ingle. aChicago :bUniversity of Chicago Press,c1968. aviii, 272 p. :bill. ;c27 cm. aPapers presented at a meeting held at the University of Chicago, in April 1967, and sponsored by the U.S. Air Force Office of Scientific Research (contract F44620-67-C0083), the Comparative Physiology Division of the American Zoological Society, and the journal Perspectives in biology and medicine. aIncludes bibliographies and index. 0aCentral nervous systemxCongresses. 0aFishesxBehaviorxCongresses.1 aIngle, David,eed.1 aUnited States.bAir Force.bOffice of Scientific Research.2 aAmerican Society of Zoologists.bDivision of Comparative Physiology. aPerspectives in biology and medicine.